000 00379cam a22001457i 4500
005 20250901165804.0
008 140925s2014 ke 000 1 eng
010 _a 2014321017
020 _a9789966100696
050 0 0 _aPR 9381.9 .M35 2013
100 1 _aMaillu, David G.,
_d1939-
245 1 0 _aThe Nairobian /
_cby David G. Maillu.
300 _a236 pages ;
_c17 cm
942 _2lcc
999 _c9268
_d9268